|
|
|
|
| LEADER |
00000nab a2200000 ar4500 |
| 001 |
vtls008998641 |
| 003 |
SK-MaSNL |
| 005 |
20260303065853.0 |
| 008 |
070613c2007 xo er|p|||||||000 b|slo |
| 015 |
|
|
|a SNBRB2007/06
|2 snkbucl
|
| 040 |
|
|
|a SNKBUCL
|b slo
|c SNKBUCL
|e AACR2
|
| 041 |
0 |
|
|a slo
|
| 044 |
|
|
|a xo
|c SK
|
| 080 |
|
|
|a 347.65/.68
|x (437.6)
|2 2001
|
| 100 |
1 |
|
|a Chvojka, Milan
|4 aut
|9 320784
|
| 245 |
1 |
0 |
|a Ako sa vyznať v dedičskej sieti
|c Milan Chvojka
|
| 300 |
|
|
|b Fotogr.
|
| 650 |
0 |
7 |
|a dedičské konanie
|2 snkbucl
|9 660275
|
| 650 |
0 |
7 |
|a dedičské právo
|2 snkbucl
|9 1308
|
| 650 |
0 |
7 |
|a rodinné financie
|2 snkbucl
|9 538854
|
| 655 |
|
7 |
|a informačné publikácie
|2 snkbucl
|9 70181
|
| 773 |
0 |
|
|t Profit
|g Č. 5 (2007), s. 66-67
|x 1335-4620
|
| 852 |
|
|
|a SNK
|b KIS3GCP
|
| 958 |
|
|
|a SK
|
| 999 |
|
|
|c 1753054
|d 1754984
|